000 00712nam0a22002411 4500
001 rc\4927535
005 20250612204835.0
035 _a(NLR Aleph) 008844373
090 _a8362255
_c8362255
100 _a20130426d1957 |||y0rusy50 ca
101 0 _arus
102 _aRU
105 _ay z |||||
200 1 _aПоложение о группах самозащиты МПВО
_fШтаб местной ПВО страны
210 _a[Луцк
_cБ. и.
_d1957]
215 _a15 с.
_d20
300 _aПерепеч.; на тит. л.: М., 1956
710 1 2 _aСССР. Штаб МПВО
801 0 _aRU
_bNLR
_gpsbo
801 1 _aRU
_bELAR
_2rusmarc
852 _aNLR
_j57-4/14254
942 _cBOOK
980 _aNB